| 000 | 00908nam a2200217 i 4500 | ||
|---|---|---|---|
| 001 | 81835 | ||
| 003 | ES-MaACL | ||
| 005 | 20250927140724.0 | ||
| 007 | t| | ||
| 008 | 041108s1902 sp f |||| |dspa d | ||
| 100 | 1 |
_aIbáñez Marín, José, _d1862-1909 _964933 |
|
| 245 | 1 | 0 |
_aLusitania y su primer coronel _b: (Marqués de La Mina) / _c[José Ibáñez Marín]. |
| 260 |
_aMadrid : _b[s.n.], _c1902 ( _fEl Trabajo) |
||
| 300 |
_aXV, 121 p., [1] h. de lám., [1] h. pleg. de map. ; _c24 cm. |
||
| 504 | _aBibliografía: p. [XIII]-XV. | ||
| 594 | _aEl nombre del autor consta al fin y en la advertencia preliminar. | ||
| 600 | 1 | 7 |
_aGuzmán Dávalos, Jaime Miguel de, _cMarqués de la Mina, _d1689-1767 _2 _9129943 |
| 610 | 1 | 7 |
_aEspaña. _bRegimiento de Caballería Lusitania nº 8- _vHistoria _2 _9164694 |
| 852 | 1 |
_aBA _jT-1017-F-6 _z.- Dedicatoria autógrafa del autor |
|
| 999 |
_c81835 _d81835 |
||